000 00788cam a22002415a 4500
001 E154036
008 111007s2011 xxka f 000 0 eng u
020 _a9781848062184
035 _a(Sirsi) u154036
041 0 _aeng
050 0 4 _a690 $2 18
100 1 _aLongworth, Ian
245 0 0 _aHardcore for supporting ground floors of buildings
_bpart 1 selecting and specifying materials
260 _aWatford
_bIHS BRE
_c2011
300 _a12p.
_bill.
_c30cm.
490 0 _aBRE Digest
_vDG 522 Part 1
520 _aOffers guidance for selecting and placing material for use as hardcore in building construction.
521 _aAdvanced
590 _aKA
651 4 _aUnited Kingdom
_y
690 _aBUILT ENVIRONMENT-BUILDING ELEMENTS-COMPLETE BUILDING ELEMENTS-FLOORS
942 _n0
999 _c112811
_d112811